000
00320nam a22001217a 4500
008
250311b |||||||| |||| 00| 0 eng d
020
_a
9789352692538
050
_a
HD 31
_b
.K95
100
_a
Chandan Kumar
245
_a
Business Administration and Marketing
260
_a
New Delhi
_b
Random Publication
_c
2019
942
_c
BK
999
_c
2238
_d
2238